Les organisations de consommateurs et les pouvoirs publics
Guardat en:
| Autor corporatiu: | |
|---|---|
| Format: | Llibre |
| Idioma: | espanyol |
| Publicat: |
Luxemburgo
Office des Publications Officielles des Communautés Européennes
1977
|
| Matèries: | |
| Etiquetes: |
Afegir etiqueta
Sense etiquetes, Sigues el primer a etiquetar aquest registre!
|
MARC
| LEADER | 00000nam a2200000 a 4500 | ||
|---|---|---|---|
| 001 | UCT8062 | ||
| 003 | CL-VaPUC | ||
| 008 | 970317e19770200LU |||||||||||||||||spa|d | ||
| 082 | 0 | 4 | |a 381.32 |b COM |2 21 |
| 110 | 2 | |a Commission des Communautés Européennes |e author |9 379531 | |
| 245 | 1 | 4 | |a Les organisations de consommateurs et les pouvoirs publics |
| 300 | |a 73 p | ||
| 942 | |c BK | ||
| 945 | |d 19970317 00:00:00 |a paguirre | ||
| 260 | |a Luxemburgo |b Office des Publications Officielles des Communautés Européennes |c 1977 | ||
| 650 | 0 | |a Consumidores |9 315658 | |
| 650 | 0 | |a Protección al consumidor |9 255293 | |
| 650 | 0 | |a Consumo |9 333893 | |
| 650 | 0 | |a Política económica |9 255029 | |
| 583 | |a last modification |c 19970317 00:00:00 |k Rodrigo Vera | ||
| 999 | |c 256597 |d 256595 | ||
| 952 | |0 0 |1 0 |4 0 |6 381_320000000000000_COM_1977 |7 0 |8 P |9 279403 |a BIBDER |b BIBDER |d 2019-11-19 |i 1812386 |o 381.32 COM 1977 |p 1812386 |r 2023-01-25 |w 2019-11-19 |y BK |k DER | ||
| 952 | |0 0 |1 0 |4 0 |6 381_320000000000000_COM_1977 |7 0 |8 A |9 279404 |a BIBENE |b BIBENE |d 2019-11-19 |i 199915K |o 381.32 COM 1977 |p 199915K |r 2025-01-15 |w 2019-11-19 |y BK |k ICO | ||